Revitalizačný zákon špekulantov nepodporí Sociálna poisťovňa môže odpustiť penále, ale...

Bibliographic Details
Main Author: Škrabálková, Margita (Author)
Format: Article
Language:Slovak
Subjects:

MARC

LEADER 00000nab a2200000 a 4500
001 vtls000634539
003 SK-MaSNL
005 20260305014116.0
008 160401c1997 xo 0 slo
015 |a SNBRB19rr/mm-uuuuu 
035 |a CL0634678 
040 |a SNKBUCL  |b slo  |c SNKBUCL  |e AACR2 
041 0 |a slo 
044 |a xo  |c SK 
080 |a 368.42/46.031(437.6):061.3  |2 1981 
100 1 |a Škrabálková, Margita  |4 aut  |9 842951 
245 1 0 |a Revitalizačný zákon špekulantov nepodporí  |b Sociálna poisťovňa môže odpustiť penále, ale...  |c Margita Škrabálková 
610 2 7 |a Sociálna poisťovňa (Slovensko)  |2 snkbucl  |9 30541 
651 7 |a 5100  |2 snkbucl  |9 166206 
655 7 |a články z novín a časopisov  |2 snkbucl  |9 267496 
773 0 |t Slovenská republika  |g Roč. 5, č. 221 (26. 9. 1997), s. 2 
850 |a Slovenská národná knižnica v Martine  |a MTA001 
852 |a SNK  |b KIS3GCP 
958 |a SK 
958 |a RK 
958 |a RBX 
999 |c 3267713  |d 3269643